| 000 | 00786cam a22002773a 4500 | ||
|---|---|---|---|
| 001 | 25432 | ||
| 003 | PGUSA | ||
| 005 | 20140828083539.0 | ||
| 008 | 080511s2008||||xxu|||||s|||||000 | eng d | ||
| 040 |
_aPGUSA _beng |
||
| 042 | _adc | ||
| 050 | 4 | _aM | |
| 050 | 4 | _aPZ | |
| 100 | 1 |
_aCrane, Walter, _d1845-1915 |
|
| 245 | 1 | 4 |
_aThe Baby's Bouquet : _bA Fresh Bunch of Rhymes and Tunes _h[electronic resource] / _cWalter Crane |
| 260 |
_bProject Gutenberg, _c2008 |
||
| 506 | _aPublic domain in the USA. | ||
| 516 | _aElectronic text | ||
| 653 | _aNursery rhymes | ||
| 653 | _aChildren's songs | ||
| 700 | 1 |
_aEvans, Edmund, _d1826-1905 |
|
| 700 | 1 |
_aCrane, Lucy, _d1842-1882 |
|
| 830 | 0 |
_aProject Gutenberg _v25432 |
|
| 856 | 4 | 0 | _uhttp://www.gutenberg.org/ebooks/25432 |
| 942 | _cEB | ||
| 999 |
_c254687 _d254687 |
||